Welcome to the Holygrace Academy Library

Please use search bar below to get started

ECONOMIC BOTANY (Record no. 1375)

MARC details
000 -LEADER
fixed length control field 00491nam a22001577a 4500
020 ## - INTERNATIONAL STANDARD BOOK NUMBER
ISBN 0-07-463645-6
082 ## - DEWEY DECIMAL CLASSIFICATION NUMBER
Classification number 581.6
Item number SHA/H
100 ## - MAIN ENTRY--AUTHOR NAME
Personal name SHARMA, O.P
245 ## - TITLE STATEMENT
Title ECONOMIC BOTANY
250 ## - EDITION STATEMENT
Edition statement SIXTH REPRINT
260 ## - PUBLICATION, DISTRIBUTION, ETC. (IMPRINT)
Place of publication DELHI
Name of publisher TATA McGRAW HILL PUBLICATIONS
Year of publication 2006
300 ## - PHYSICAL DESCRIPTION
Number of Pages 731
520 ## - SUMMARY, ETC.
Summary, etc PRESENTS A BALANCED TREATMENT OF THE HISTORY, MORPHOLOGY, CULTIVATION TECHNIQUES, PRODUCTION AND MODERN USAGE OF ALL IMPORTANT PLANTS
650 ## - SUBJECT ADDED ENTRY--TOPICAL TERM
Topical Term BIOLOGY REFERENCE
Geographic subdivision INDIA
942 ## - ADDED ENTRY ELEMENTS (KOHA)
Koha item type Books
Holdings
Withdrawn status Lost status Collection code Home library Current library Shelving location Date acquired Source of acquisition Full call number Accession Number Koha item type
    Reference Main Library Main Library SHELF-5 D REFERENCEBIOLOGY 24/10/2006 purchase 581.6 SHA/H 03395 Books